LEADER 02105cam0-2200433---450 001 990008368170403321 005 20230728125228.0 035 $a000836817 035 $aFED01000836817 035 $a(Aleph)000836817FED01 035 $a000836817 100 $a20060724d1852----km-y0itay50------ba 101 0 $aita 102 $aIT 105 $af-------001yy 200 1 $aFilosofia della statistica$fdi Melchiorre Gioja 210 $aTorino$cTipografia economica$d1852 215 $a4 v., c. di tav.$d21 cm 225 1 $aBiblioteca dei comuni italiani$hSerie 3.$iRaccolta de' piú classici scrittori di economia politica di ogni scuola e paese$v16$v21$v23 307 $a1.: XXVII, 328 p. ; 2.: 334 p. ; 3.: 413 p. ; 4.: 13 p., 4 c. di tav. rip. 451 0$1001990007028700403321 451 0$1001990003520910403321 610 0 $aScienze sociali$aRicerche$aMetodi statistici 676 $a519.50243$v20$zita 700 1$aGioia,$bMelchiorre$f<1767-1829>$0145170 801 0$aIT$bUNINA$gRICA$2UNIMARC 856 4 $zVisualizza la versione elettronica in SBNWeb$uhttps://books.google.it/books?id=WRIY983FJnAC&printsec=frontcover&hl=it&source=gbs_ge_summary_r&cad=0#v=onepage&q&f=false$e20230728 856 4 $zVisualizza la versione elettronica in SBNWeb$uhttps://books.google.it/books?id=qKad2yFc2lAC&printsec=frontcover&hl=it&source=gbs_ge_summary_r&cad=0#v=onepage&q&f=false$e20230728 856 4 $zVisualizza la versione elettronica in SBNWeb$uhttps://books.google.it/books?id=ANc1DmfY2usC&printsec=frontcover&hl=it&source=gbs_ge_summary_r&cad=0#v=onepage&q&f=false$e20230728 856 4 $zVisualizza la versione elettronica in SBNWeb$uhttps://books.google.it/books?id=0jBZsYR1z0UC&printsec=frontcover&hl=it&source=gbs_ge_summary_r&cad=0#v=onepage&q&f=false$e20230728 901 $aBK 912 $a990008368170403321 952 $aN-03-008(1)$bIst. 1674$fILFGE 952 $aN-03-008(2)$bIst. 1674$fILFGE 952 $aN-03-009(1)$bIst. 1674$fILFGE 952 $aN-03-009(2)$bIst. 1674$fILFGE 959 $aILFGE 996 $aFilosofia della statistica$9498060 997 $aUNINA LEADER 00997nam 2200349 450 001 9910163242103321 005 20230807220748.0 010 $a1-63135-877-4 035 $a(CKB)3860000000033540 035 $a(MiAaPQ)EBC4093534 035 $a(EXLCZ)993860000000033540 100 $a20160703h20152015 uy 0 101 0 $aeng 135 $aurcnu|||||||| 181 $2rdacontent 182 $2rdamedia 183 $2rdacarrier 200 10$aBraiding my own rope /$fLori J. Cole 210 1$aSingapore :$cStrategic Book Publishing and Rights Co.,$d2015. 210 4$d©2015 215 $a1 online resource (74 pages) $cillustrations, photographs 320 $aIncludes bibliographical references. 607 $aSouth Africa$xDescription and travel 676 $a916.8 700 $aCole$b Lori J.$01376164 801 0$bMiAaPQ 801 1$bMiAaPQ 801 2$bMiAaPQ 906 $aBOOK 912 $a9910163242103321 996 $aBraiding my own rope$93411594 997 $aUNINA